Aprendo a distinguir las palabras agudas, graves y esdrújulas
Wedi'i Gadw mewn:
| Awduron Corfforaethol: | , |
|---|---|
| Fformat: | Llyfr |
| Iaith: | Sbaeneg |
| Cyhoeddwyd: |
Santiago
Mineduc
2000
|
| Rhifyn: | 1a. ed |
| Pynciau: | |
| Tagiau: |
Ychwanegu Tag
Dim Tagiau, Byddwch y cyntaf i dagio'r cofnod hwn!
|
MARC
| LEADER | 00000nam a2200000 a 4500 | ||
|---|---|---|---|
| 001 | UCK8069 | ||
| 003 | CL-VaPUC | ||
| 008 | 060113e20000000CL |||||||||||||||||spa|d | ||
| 082 | 0 | 4 | |a 372.6 |b MIN |2 21 |
| 110 | 2 | |a Ministerio de Educación |e author |9 497867 | |
| 710 | 2 | |a CPEIP |e author |9 497868 | |
| 245 | 1 | 0 | |a Aprendo a distinguir las palabras agudas, graves y esdrújulas |
| 250 | |a 1a. ed | ||
| 300 | |a 16 p | ||
| 942 | |c BK | ||
| 945 | |d 20060113 00:00:00 |a cmena | ||
| 260 | |a Santiago |b Mineduc |c 2000 | ||
| 500 | |a Separata de: | ||
| 500 | |a Castillo, G. y otros. Guías de aprendizaje para una escuela de anticipación. Santiago, Chile, CPEIP, 2000. Vol. XI | ||
| 650 | 0 | |a Educación lingüística |9 306506 | |
| 650 | 0 | |a Educación básica |9 224933 | |
| 650 | 0 | |a Métodos de enseñanza |9 270413 | |
| 650 | 0 | |a Aprendizaje |9 254827 | |
| 583 | |a last modification |c 20060113 00:00:00 |k Rodrigo Vera | ||
| 999 | |c 315893 |d 315891 | ||
| 952 | |0 0 |1 0 |4 0 |6 372_600000000000000_MIN_2000 |7 0 |8 A |9 389732 |a BIBEDU |b BIBEDU |d 2019-11-22 |i 4202074 |o 372.6 MIN 2000 |p 4202074 |r 2019-11-22 |w 2019-11-22 |y BK |k EBA | ||
| 952 | |0 0 |1 0 |4 0 |6 372_600000000000000_MIN_2000 |7 0 |8 A |9 389733 |a BIBEDU |b BIBEDU |d 2019-11-22 |i 4202082 |o 372.6 MIN 2000 |p 4202082 |r 2019-11-22 |w 2019-11-22 |y BK |k EBA | ||
| 952 | |0 0 |1 0 |4 0 |6 372_600000000000000_MIN_2000 |7 0 |8 A |9 389734 |a BIBEDU |b BIBEDU |d 2019-11-22 |i 4202090 |o 372.6 MIN 2000 |p 4202090 |r 2019-11-22 |w 2019-11-22 |y BK |k EBA | ||
| 952 | |0 0 |1 0 |4 0 |6 372_600000000000000_MIN_2000 |7 0 |8 A |9 389735 |a BIBEDU |b BIBEDU |d 2019-11-22 |i 4202104 |o 372.6 MIN 2000 |p 4202104 |r 2019-11-22 |w 2019-11-22 |y BK |k EBA | ||
| 952 | |0 0 |1 0 |4 0 |6 372_600000000000000_MIN_2000 |7 0 |8 A |9 389736 |a BIBEDU |b BIBEDU |d 2019-11-22 |i 4202112 |o 372.6 MIN 2000 |p 4202112 |r 2019-11-22 |w 2019-11-22 |y BK |k EBA | ||
| 952 | |0 0 |1 0 |4 0 |6 372_600000000000000_MIN_2000 |7 0 |8 A |9 389737 |a BIBEDU |b BIBEDU |d 2019-11-22 |i 4202120 |o 372.6 MIN 2000 |p 4202120 |r 2019-11-22 |w 2019-11-22 |y BK |k EBA | ||
| 952 | |0 0 |1 0 |4 0 |6 372_600000000000000_MIN_2000 |7 0 |8 A |9 389738 |a BIBEDU |b BIBEDU |d 2019-11-22 |i 4202139 |o 372.6 MIN 2000 |p 4202139 |r 2019-11-22 |w 2019-11-22 |y BK |k EBA | ||
| 952 | |0 0 |1 0 |4 0 |6 372_600000000000000_MIN_2000 |7 0 |8 A |9 389739 |a BIBEDU |b BIBEDU |d 2019-11-22 |i 4202147 |o 372.6 MIN 2000 |p 4202147 |r 2019-11-22 |w 2019-11-22 |y BK |k EBA | ||